[Event "HUN-chT2 Barcza 1819"]
[Site "Hungary"]
[Date "2019.04.28"]
[Round "11.8"]
[White "Kincses, Tibor"]
[Black "Toviskes, Antal"]
[Result "0-1"]
[WhiteElo "1619"]
[BlackElo "1993"]
[PlyCount "85"]
[EventDate "2018.09.23"]
[EventType "team-tourn"]
[EventRounds "11"]
[EventCountry "HUN"]
[SourceTitle "EXT 2021"]
[Source "ChessBase"]
[SourceDate "2020.10.23"]
[SourceVersion "1"]
[SourceVersionDate "2020.10.23"]
[SourceQuality "1"]
[WhiteTeam "Szirmabesenyo"]
[BlackTeam "Hajduboszormeny"]
[WhiteTeamCountry "HUN"]
[BlackTeamCountry "HUN"]

1. Nf3 Nf6 2. b3 g6 3. Nc3 d5 4. Bb2 Bg7 5. e3 0-0 6. Be2 c5 7. d4 Qa5 8. 0-0 Nc6 9. a3 cxd4 10. exd4 Be6 11. b4 Qc7 12. Nb1 Rac8 13. c3 Bg4 14. Nbd2 a6 15. Re1 Rfe8 16. Nh4 Bxe2 17. Rxe2 e5 18. Rc1 exd4 19. cxd4 Qb6 20. Nb3 Rxe2 21. Qxe2 Re8 22. Qd1 a5 23. Nf3 axb4 24. Nc5 bxa3 25. Bxa3 Ne4 26. g3 Qc7 27. Qa4 Nxc5 28. Rxc5 Rd8 29. Bb4 Qd7 30. Bc3 Qf5 31. Kg2 Qe4 32. Rb5 Ne5 33. Qa5 Qxf3+ 34. Kg1 Qd1+ 35. Kg2 Qf3+ 36. Kg1 Nc6 37. Qc7 Rf8 38. Rxb7 Nxd4 39. Bxd4 Bxd4 40. Qc2 Re8 41. Rb1 Re2 42. Qxe2 Qxe2 43. Rf1 0-1

[Event "HUN-chT2 Barcza 1819"]
[Site "Hungary"]
[Date "2019.02.10"]
[Round "7.9"]
[White "Toviskes, Antal"]
[Black "Tumo, Bence"]
[Result "1-0"]
[WhiteElo "1993"]
[BlackElo "1863"]
[PlyCount "53"]
[EventDate "2018.09.23"]
[EventType "team-tourn"]
[EventRounds "11"]
[EventCountry "HUN"]
[SourceTitle "CBM 189 Extra"]
[Source "ChessBase"]
[SourceDate "2019.06.03"]
[SourceVersion "1"]
[SourceVersionDate "2019.06.03"]
[SourceQuality "1"]
[WhiteTeam "Hajduboszormeny"]
[BlackTeam "Nyiregyhaza"]
[WhiteTeamCountry "HUN"]
[BlackTeamCountry "HUN"]

1. e4 c5 2. Nc3 Nc6 3. g3 g6 4. Bg2 Bg7 5. d3 d6 6. f4 Qa5 7. Bd2 e6 8. Nf3 Nge7 9. 0-0 0-0 10. g4 f5 11. h3 Qb6 12. Rb1 e5 13. gxf5 gxf5 14. fxe5 Nxe5 15. Qe2 fxe4 16. Nxe5 dxe5 17. Rxf8+ Kxf8 18. Bxe4 Ng6 19. Nd5 Qd6 20. Qh5 Kg8 21. Rf1 Bd7 22. Nf6+ Bxf6 23. Bxg6 Qd4+ 24. Kh2 hxg6 25. Qxg6+ Bg7 26. Rf7 e4 27. Bc3 1-0

[Event "HUN-chT2 Barcza 1819"]
[Site "Hungary"]
[Date "2018.10.07"]
[Round "2.11"]
[White "Toviskes, Antal"]
[Black "Vagner, Gergo"]
[Result "1-0"]
[WhiteElo "1993"]
[BlackElo "1749"]
[PlyCount "69"]
[EventDate "2018.09.23"]
[EventType "team-tourn"]
[EventRounds "11"]
[EventCountry "HUN"]
[SourceTitle "CBM 189 Extra"]
[Source "ChessBase"]
[SourceDate "2019.06.03"]
[SourceVersion "1"]
[SourceVersionDate "2019.06.03"]
[SourceQuality "1"]
[WhiteTeam "Hajduboszormeny"]
[BlackTeam "Tiszavasvar"]
[WhiteTeamCountry "HUN"]
[BlackTeamCountry "HUN"]

1. e4 c6 2. d4 d5 3. Nc3 dxe4 4. Nxe4 Bf5 5. Ng3 Bg6 6. Nf3 Nd7 7. h4 h6 8. h5 Bh7 9. Bd3 Bxd3 10. Qxd3 Ngf6 11. Be3 e6 12. 0-0-0 Bd6 13. Ne2 Nd5 14. g4 Qa5 15. Kb1 Nxe3 16. Qxe3 0-0-0 17. Rhg1 Nf6 18. Nc3 Qc7 19. Ne4 Bf4 20. Qe2 Nxe4 21. Qxe4 Bg5 22. Ne5 Bf6 23. f4 Rd5 24. Rd3 Kb8 25. c4 Rdd8 26. Rb3 Bxe5 27. dxe5 c5 28. Rc1 Rd4 29. Qf3 Rhd8 30. g5 hxg5 31. fxg5 b6 32. Re3 Rh4 33. g6 Rdd4 34. gxf7 Rhf4 35. f8Q+ 1-0

[Event "HUN-chT2 Barcza 1718"]
[Site "Hungary"]
[Date "2018.05.06"]
[Round "11.10"]
[White "Toviskes, Antal"]
[Black "Gnaj, Jozsef"]
[Result "1-0"]
[WhiteElo "2011"]
[BlackElo "1643"]
[PlyCount "81"]
[EventDate "2017.09.24"]
[EventType "team-tourn"]
[EventRounds "11"]
[EventCountry "HUN"]
[SourceTitle "EXT 2021"]
[Source "ChessBase"]
[SourceDate "2020.10.23"]
[SourceVersion "1"]
[SourceVersionDate "2020.10.23"]
[SourceQuality "1"]
[WhiteTeam "Hajduboszormeny"]
[BlackTeam "Debrecen Sakkiskola II"]
[WhiteTeamCountry "HUN"]
[BlackTeamCountry "HUN"]

1. e4 c5 2. Nc3 e6 3. g3 Nc6 4. Bg2 d6 5. d3 Nf6 6. f4 Be7 7. Nf3 0-0 8. 0-0 a6 9. Ng5 Rb8 10. g4 Nd4 11. Ne2 Nxe2+ 12. Qxe2 b5 13. Qf3 e5 14. f5 Bb7 15. Nh3 d5 16. Nf2 dxe4 17. dxe4 Qc7 18. g5 Ne8 19. Qh3 f6 20. g6 h6 21. Ng4 Bd6 22. Qh4 Rf7 23. gxf7+ Kxf7 24. Be3 Ke7 25. Rfd1 Bc6 26. Nf2 c4 27. Qg4 Qb7 28. a3 b4 29. axb4 Bxb4 30. c3 Bd6 31. Rd2 Qb5 32. Qe2 Rc8 33. Bf1 Bb7 34. Qg4 a5 35. Nd1 a4 36. Bf2 Qc6 37. Ne3 Qxe4 38. Qxe4 Bxe4 39. Rxa4 Rc6 40. Bxc4 Nc7 41. Nd5+ 1-0

[Event "HUN-chT2 Barcza 1617"]
[Site "Hungary"]
[Date "2016.11.27"]
[Round "5.10"]
[White "Toviskes, Antal"]
[Black "Toth, Laszlo"]
[Result "0-1"]
[WhiteElo "2015"]
[BlackElo "1829"]
[PlyCount "126"]
[EventDate "2016.09.25"]
[EventType "team-tourn"]
[EventRounds "11"]
[EventCountry "HUN"]
[SourceTitle "EXT 2021"]
[Source "ChessBase"]
[SourceDate "2020.10.23"]
[SourceVersion "1"]
[SourceVersionDate "2020.10.23"]
[SourceQuality "1"]
[WhiteTeam "Hajduboszormeny"]
[BlackTeam "Mezokovesd"]
[WhiteTeamCountry "HUN"]
[BlackTeamCountry "HUN"]

1. e4 c5 2. Nc3 Nc6 3. g3 g6 4. Bg2 Bg7 5. d3 e6 6. f4 f5 7. Nge2 Nge7 8. Nb5 d6 9. 0-0 a6 10. Na3 b5 11. c3 Rb8 12. Nc2 0-0 13. Kh1 Bb7 14. Be3 e5 15. fxe5 Nxe5 16. Nf4 Qc8 17. Nd5 Qd7 18. Nxe7+ Qxe7 19. exf5 Bxg2+ 20. Kxg2 Rxf5 21. Rxf5 gxf5 22. h3 Re8 23. Qe2 Ng6 24. Qf3 Qe6 25. d4 Qe4 26. Qxe4 Rxe4 27. dxc5 dxc5 28. Rf1 Re5 29. Kf2 Rd5 30. Ke2 Kf7 31. Rd1 Rxd1 32. Kxd1 Bf8 33. Ne1 Bd6 34. Bf2 Ne5 35. Kc2 Ke6 36. Nd3 Nxd3 37. Kxd3 Kd5 38. Ke2 Ke4 39. b3 c4 40. Be1 h5 41. bxc4 bxc4 42. Bf2 Ba3 43. Bd4 a5 44. Bb6 a4 45. Bc7 Be7 46. Bf4 Bf6 47. Bd2 Be5 48. Be1 a3 49. Bf2 Bxc3 50. Bc5 Bb2 51. Kd2 Be5 52. Ke2 Bxg3 53. Bxa3 f4 54. Bb2 f3+ 55. Kf1 Be5 56. Bc1 Bd4 57. a4 Kd3 58. a5 c3 59. a6 c2 60. h4 Be3 61. a7 Bxa7 62. Bd2 Be3 63. Be1 Bd2 0-1

[Event "HUN-chT2 Barcza 1516"]
[Site "Hungary"]
[Date "2016.03.20"]
[Round "9.11"]
[White "Saller, Imre"]
[Black "Toviskes, Antal"]
[Result "1/2-1/2"]
[WhiteElo "1799"]
[BlackElo "2041"]
[PlyCount "31"]
[EventDate "2015.09.13"]
[EventType "team-tourn"]
[EventRounds "11"]
[EventCountry "HUN"]
[SourceTitle "EXT 2017"]
[Source "ChessBase"]
[SourceDate "2016.10.25"]
[SourceVersion "1"]
[SourceVersionDate "2016.10.25"]
[SourceQuality "1"]
[WhiteTeam "Hajduszoboszlo"]
[BlackTeam "Hajduboszormeny"]
[WhiteTeamCountry "HUN"]
[BlackTeamCountry "HUN"]

1. d4 Nf6 2. c4 g6 3. Nc3 d5 4. cxd5 Nxd5 5. Bd2 Bg7 6. e4 Nxc3 7. Bxc3 0-0 8. Nf3 Nd7 9. Qc2 c6 10. Be2 Nf6 11. 0-0 Qb6 12. Rad1 a5 13. Ne5 Be6 14. Bc4 Bxc4 15. Nxc4 Qa6 16. Nxa5 1/2-1/2

[Event "HUN-chT2 Maroczy 1415"]
[Site "Hungary"]
[Date "2014.11.16"]
[Round "2"]
[White "Marjanovics, Gyorgy"]
[Black "Toviskes, Antal"]
[Result "1-0"]
[WhiteElo "2021"]
[BlackElo "2002"]
[PlyCount "51"]
[EventDate "2014.10.12"]
[EventType "team-tourn"]
[EventRounds "9"]
[EventCountry "HUN"]
[SourceTitle "EXT 2016"]
[Source "ChessBase"]
[SourceDate "2015.10.08"]
[SourceVersion "1"]
[SourceVersionDate "2015.10.08"]
[SourceQuality "1"]
[WhiteTeam "Kobanya Aquarena"]
[BlackTeam "Hajduboszormeny"]
[WhiteTeamCountry "HUN"]
[BlackTeamCountry "HUN"]

1. e4 c5 2. Nf3 d6 3. d4 cxd4 4. Nxd4 Nf6 5. Nc3 g6 6. Be3 Bg7 7. f3 0-0 8. Qd2 Nc6 9. 0-0-0 d5 10. exd5 Nxd5 11. Nxc6 bxc6 12. Bd4 e5 13. Bc5 Be6 14. Ne4 Re8 15. h4 h6 16. g4 Qc7 17. g5 h5 18. Bc4 Red8 19. Qf2 Qa5 20. Bb3 Rab8 21. Qd2 Qa6 22. c4 Nb6 23. Qxd8+ Rxd8 24. Rxd8+ Kh7 25. Bf8 Bf5 26. Bxg7 1-0

[Event "Puspokladany Arnoth Memorial 07th"]
[Site "Puspokladany"]
[Date "2014.07.18"]
[Round "4"]
[White "Csuta, Akos Koppany"]
[Black "Toviskes, Antal"]
[Result "0-1"]
[WhiteElo "1814"]
[BlackElo "2012"]
[PlyCount "57"]
[EventDate "2014.07.16"]
[EventType "swiss"]
[EventRounds "9"]
[EventCountry "HUN"]
[SourceTitle "EXT 2016"]
[Source "ChessBase"]
[SourceDate "2015.10.08"]
[SourceVersion "1"]
[SourceVersionDate "2015.10.08"]
[SourceQuality "1"]

1. e4 c5 2. Nf3 d6 3. c3 Nc6 4. Bd3 Nf6 5. Bc2 Bg4 6. d3 g6 7. Nbd2 Bg7 8. h3 Bd7 9. Nf1 b5 10. Ne3 0-0 11. 0-0 b4 12. Bd2 Rb8 13. cxb4 Nxb4 14. Bc3 Qc8 15. Kh2 Qa6 16. Qb1 Bb5 17. Rd1 Rfc8 18. Rd2 Bh6 19. a3 Nxc2 20. Qxc2 Ba4 21. Qc1 Nh5 22. Nh4 Bb3 23. Ng4 Bg5 24. g3 e5 25. Ne3 Be6 26. Nhg2 Bh6 27. Qd1 Qb7 28. Qe2 Qd7 29. g4 0-1

[Event "Puspokladany Arnoth Memorial 07th"]
[Site "Puspokladany"]
[Date "2014.07.18"]
[Round "5"]
[White "Toviskes, Antal"]
[Black "Acs, Gabor"]
[Result "0-1"]
[WhiteElo "2012"]
[BlackElo "2168"]
[PlyCount "116"]
[EventDate "2014.07.16"]
[EventType "swiss"]
[EventRounds "9"]
[EventCountry "HUN"]
[SourceTitle "EXT 2016"]
[Source "ChessBase"]
[SourceDate "2015.10.08"]
[SourceVersion "1"]
[SourceVersionDate "2015.10.08"]
[SourceQuality "1"]

1. e4 e5 2. Nc3 Nf6 3. Bc4 Nc6 4. d3 Na5 5. Qe2 Nxc4 6. dxc4 Bc5 7. Nf3 d6 8. Bg5 h6 9. Bd2 a6 10. h3 Be6 11. Nd5 c6 12. Nxf6+ Qxf6 13. Bc3 b5 14. cxb5 axb5 15. b3 b4 16. Bb2 Bc8 17. Nd2 Ba6 18. Qf3 Qg5 19. h4 Qe7 20. h5 0-0 21. Qg3 f5 22. f3 f4 23. Qh2 Bb5 24. g3 fxg3 25. Qxg3 Be3 26. c4 bxc3 27. Bxc3 Bf4 28. Qg2 d5 29. Rg1 Rf7 30. a4 Bd3 31. Nf1 dxe4 32. fxe4 Qh4+ 33. Kd1 Qxh5+ 34. Ke1 Rd8 35. Rh1 Bxf1 36. Rxf1 Qh4+ 37. Ke2 Rfd7 38. Ra2 Rd3 39. Rf3 Qh5 40. Kf2 Qxf3+ 41. Qxf3 Rxf3+ 42. Kxf3 Rd3+ 43. Ke2 Rxc3 44. a5 Re3+ 45. Kf1 Rxb3 46. a6 Be3 47. a7 Bxa7 48. Rxa7 Rb4 49. Rc7 Rxe4 50. Rxc6 h5 51. Kf2 Kh7 52. Kf3 Rf4+ 53. Ke3 g6 54. Re6 Rf5 55. Ke4 h4 56. Re8 h3 57. Ra8 Rh5 58. Ra1 Kh6 0-1

[Event "Puspokladany Arnoth Memorial 07th"]
[Site "Puspokladany"]
[Date "2014.07.17"]
[Round "2"]
[White "Toviskes, Antal"]
[Black "Finszter, Mate"]
[Result "0-1"]
[WhiteElo "2012"]
[BlackElo "2179"]
[PlyCount "76"]
[EventDate "2014.07.16"]
[EventType "swiss"]
[EventRounds "9"]
[EventCountry "HUN"]
[SourceTitle "EXT 2016"]
[Source "ChessBase"]
[SourceDate "2015.10.08"]
[SourceVersion "1"]
[SourceVersionDate "2015.10.08"]
[SourceQuality "1"]

1. e4 c5 2. Nc3 Nc6 3. g3 g6 4. Bg2 Bg7 5. d3 d6 6. f4 e6 7. Nf3 Nd4 8. Ne2 Ne7 9. 0-0 0-0 10. c3 Nxf3+ 11. Rxf3 Bd7 12. g4 Bc6 13. Qe1 f5 14. gxf5 exf5 15. Rh3 Rf7 16. a3 a5 17. Be3 b5 18. Bf2 Qd7 19. Bh4 Raf8 20. Bg5 Re8 21. Qh4 Bh8 22. Ng3 b4 23. axb4 axb4 24. Rc1 bxc3 25. bxc3 c4 26. d4 fxe4 27. Bf1 Bd5 28. Rc2 Be6 29. f5 Nxf5 30. Nxf5 Bxf5 31. Re3 d5 32. Rg2 Bg7 33. Be2 Qb7 34. Kh1 Ra8 35. h3 Ra1+ 36. Kh2 Qb1 37. Bf4 Qh1+ 38. Kg3 Rg1 0-1

[Event "HUN-chT2 Barcza 1112 "]
[Site "Hungary"]
[Date "2012.03.25"]
[Round "8"]
[White "Toviskes, Antal"]
[Black "Doman, Csaba"]
[Result "1-0"]
[WhiteElo "2072"]
[BlackElo "1867"]
[PlyCount "41"]
[EventDate "2011.09.25"]
[EventType "team-tourn"]
[EventRounds "11"]
[EventCountry "HUN"]
[SourceTitle "EXT 2013"]
[Source "ChessBase"]
[SourceDate "2012.11.22"]
[SourceVersion "1"]
[SourceVersionDate "2012.11.22"]
[SourceQuality "1"]
[WhiteTeam "Hajduboszormeny"]
[BlackTeam "DEAC"]
[WhiteTeamCountry "HUN"]
[BlackTeamCountry "HUN"]

1. e4 e5 2. Nc3 Nf6 3. Bc4 Bc5 4. d3 0-0 5. f4 exf4 6. Bxf4 d6 7. Nf3 Qe7 8. Qd2 Nc6 9. Bg5 Be6 10. Bb3 Bxb3 11. axb3 Qe6 12. Rf1 Bb6 13. Bxf6 Qxf6 14. 0-0-0 h6 15. g4 Ne5 16. Nd5 Qe6 17. Nxe5 Qxe5 18. Rf5 Qe6 19. Rdf1 c6 20. Nf6+ Kh8 21. Rh5 1-0

[Event "HUN-chT2 Barcza 1011"]
[Site "Hungary"]
[Date "2010.09.26"]
[Round "2.10"]
[White "Pota, Lajos"]
[Black "Toviskes, Antal"]
[Result "0-1"]
[WhiteElo "1845"]
[BlackElo "2061"]
[PlyCount "116"]
[EventDate "2010.09.12"]
[EventType "team-tourn"]
[EventRounds "11"]
[EventCountry "HUN"]
[SourceTitle "EXT 2012"]
[Source "ChessBase"]
[SourceDate "2011.11.24"]
[SourceVersion "1"]
[SourceVersionDate "2011.11.24"]
[SourceQuality "1"]
[WhiteTeam "Mezokovesd"]
[BlackTeam "Hajduboszormeny"]
[WhiteTeamCountry "HUN"]
[BlackTeamCountry "HUN"]

1. d4 Nf6 2. c4 g6 3. Nc3 d5 4. cxd5 Nxd5 5. e4 Nxc3 6. bxc3 Bg7 7. Nf3 c5 8. Be3 0-0 9. Be2 Qa5 10. Bd2 Nc6 11. 0-0 cxd4 12. cxd4 Qa3 13. Be3 Rd8 14. e5 Nxe5 15. Qb3 Qxb3 16. axb3 Nc6 17. Rad1 Be6 18. Bc4 Bd5 19. Ne5 Bxe5 20. dxe5 Bxc4 21. Rxd8+ Rxd8 22. bxc4 Nxe5 23. f4 Nxc4 24. Bxa7 e6 25. Rb1 Rd7 26. Rb4 b5 27. Bc5 Rb7 28. Kf2 f6 29. g4 e5 30. Kf3 Kf7 31. Ke4 exf4 32. Kxf4 Ke6 33. Ke4 Ne5 34. h3 f5+ 35. gxf5+ gxf5+ 36. Ke3 Kd5 37. Bf8 Ng6 38. Rd4+ Ke5 39. Bd6+ Ke6 40. Bg3 Rd7 41. Rb4 Rd5 42. Rb1 Ne5 43. Re1 Kd7 44. Ra1 Nc4+ 45. Ke2 Kc6 46. Ra6+ Kc5 47. Bf2+ Kb4 48. Rh6 Rd7 49. Rh5 Rf7 50. Kd1 Kb3 51. Kc1 b4 52. Bd4 Ka2 53. Rh6 f4 54. Rc6 Na3 55. Rf6 Rc7+ 56. Kd1 Rd7 57. Rxf4 Nb5 58. Rf2+ Ka3 0-1

[Event "HUN-chT2 Maroczy 0910"]
[Site "Hungary"]
[Date "2010.03.21"]
[Round "8"]
[White "Toviskes, Antal"]
[Black "Kovacs, Laszlo"]
[Result "0-1"]
[WhiteElo "2061"]
[BlackElo "2023"]
[PlyCount "76"]
[EventDate "2009.11.08"]
[EventType "team-tourn"]
[EventRounds "11"]
[EventCountry "HUN"]
[SourceTitle "EXT 2011"]
[Source "ChessBase"]
[SourceDate "2010.11.26"]
[SourceVersion "1"]
[SourceVersionDate "2010.11.26"]
[SourceQuality "1"]
[WhiteTeam "Hajduboszormeny"]
[BlackTeam "Miskolc EMSE"]
[WhiteTeamCountry "HUN"]
[BlackTeamCountry "HUN"]

1. e4 e6 2. Qe2 c5 3. g3 Nc6 4. c3 e5 5. Bg2 Nf6 6. Nf3 Be7 7. d3 0-0 8. Nbd2 d6 9. Nc4 Be6 10. Ne3 Ng4 11. 0-0 Nxe3 12. Bxe3 f5 13. exf5 Bxf5 14. h3 Bf6 15. Nd2 Qc7 16. g4 Bg6 17. g5 Be7 18. h4 Qd7 19. Ne4 Rae8 20. Kh2 Nd8 21. Ng3 Bf7 22. h5 d5 23. g6 hxg6 24. hxg6 Bxg6 25. Bh3 Qd6 26. Rg1 e4 27. dxe4 Bxe4 28. f4 Bf6 29. Qg4 Re7 30. Rae1 Kf7 31. Nxe4 Rxe4 32. Qg6+ Ke7 33. Bc1 Rh8 34. Rxe4+ dxe4 35. Qxe4+ Qe6 36. Qxe6+ Nxe6 37. Re1 Kf7 38. Kg3 Bh4+ 0-1